Metamorfose=metamorphosis (Registo nº 198341)

Detalhes MARC
000 -Etiqueta do registo
Valores 00506nam 22001813 4500
010 ## - Número ISBN
ISBN 972-8396-86-4
100 ## - Dados gerais de processamento
Dados gerais 20251009d u||y0pory50 ba
200 ## - Titulo e menção de responsabilidade
Título próprio Metamorfose=metamorphosis
Primeira menção de responsabilidade Renato Monteiro
210 ## - Publicação
Local de publicação Lisboa
Nome do editor Parque EXPO 98
Data de publicação 1998
215 ## - Descrição física 
Paginação / Volumes 163 p.
Outras indicações físicas brochado
Dimensões 26 cm
606 ## - Nome comum usado como assunto
Palavra de ordem Fotografia e processos similares
ID Autoridade 4512
675 ## - CDU
Notação 77
Edição PT
Língua por
700 ## - Autor principal (pessoa individual)
ID Autoridade 14296
Apelido Monteiro
Nome Renato
801 ## - Fonte de origem
País PT
Agência BMMN
Regras de catalogação RPC
830 ## - Notas gerais do catalogador
Criado por Fernando
Indexado por Fernando
990 ## - Elementos KOHA
Tipo de documento Livro
Exemplares
Situação do levantamento Biblioteca de origem Código de barras Cota Permissão de empréstimo Tipo de documento Forma de aquisição
  Biblioteca Municipal de Montemor-o-Novo 26600 77MON|LG   Livro Oferta

Powered by Koha